000 01060cam a2200253 a 4500
001 000007670
005 20200929154245.0
008 970919s1996 sp ah b 001 0aspa d
020 _a8478203079
040 _aDO-SdBNP
_bspa
_cBNPHU
082 _a866.5
_bB357c
100 1 _aCalvo Ruata, José Ignacio.
_d1740-1809.
_921257
245 1 0 _aCartas de Fray Manuel Bayeu a Martín Zapater :
_bfondo documental del Museo del Prado /
_cJosé Ignacio Calvo Ruata.
260 _aZaragoza :
_bInstitución Fernando el Católico,
_bMuseo del Prado,
_c1996.
300 _a189 p. : ;
_c25 cm.
490 1 _aPublicación de la Institución "Fernando el Católico"
_v1763
504 _aBibliografía :
600 1 4 _aBAYEU, MANUEL
_d1740-1809
_xCORRESPONDENCIA, MEMORIAS, ETC.
_921258
650 4 _aArtistas
_zEspaña
_xCorrespondencia, memorias, etc.
_921259
650 4 _aCartas españolas
_99744
700 1 _aCalvo Ruata, José Ignacio,
_ecomp.
_921260
710 2 _aMuseo del Prado.
_921261
830 0 _aPublicación de la Institución "Fernando el Católico" ;
_n1763.
_921262
999 _c7450
_d7450